| 000 | 00822nam a2200265 u 4500 | ||
|---|---|---|---|
| 999 |
_c63854 _d63854 |
||
| 001 | 63854 | ||
| 003 | Mx-PuUPA | ||
| 005 | 20190705083417.0 | ||
| 008 | 160122s2009 mx a r 000 0 spa d | ||
| 020 | _a978-607-16-1011-9 | ||
| 040 | _cMx-PuUPA | ||
| 082 | 0 |
_a920.2 _bCOR |
|
| 100 | 1 |
_aCoronado, Xabier F. _eautor |
|
| 245 | 1 | 0 |
_aGamoneda bibliógrafo : _blibrerías, archivos y bibliotecas / _cXabier F. Coronado. |
| 264 | 1 |
_aMéxico : _bFondo de cultura Económica, _c2012 |
|
| 300 |
_a186 páginas : _bilustraciones ; _c23 cm. |
||
| 336 |
_atexto _2rdacontent |
||
| 337 |
_asin mediación _2rdamedia |
||
| 338 |
_avolumen _2rdacarrier |
||
| 490 | 0 | _aTezontle | |
| 650 | 1 | 4 |
_aGamoneda, Francisco _xVida y obra |
| 650 | 1 | 4 |
_aArchivos _xMéxico _xHistoria |
| 650 | 4 |
_aBibliotecas _xMéxico _xHistoria |
|
| 942 |
_2ddc _cLI |
||